Lean Production. Schlagwort ohne inhaltliche Präzision?

Zoštíhlenie výroby, organizácie a riadenia podniku. Orientácia na proces tvorby hodnôt. Pokus o spojenie predností klasickej remeselníckej dielne a hromadnej výroby. Základné prvky "štíhlej" výroby - pružné štruktúry s precíznou segmentáciou, JIT, väčšia prehľadnosť a nízka potreba plochy pri výrobe...

Ausführliche Beschreibung

Gespeichert in:
Bibliographische Detailangaben
1. Verfasser: Groth, U.
Weitere Verfasser: Kammel, A.
Format: Buchkapitel
Sprache:Deutsch
Schlagworte:
Tags: Tag hinzufügen
Keine Tags, Fügen Sie das erste Tag hinzu!

MARC

LEADER 00000naa a2200000 4500
001 r010688
005 20221130112909.4
041 0 |a ger 
044 |a DE 
245 1 0 |a Lean Production.  |b Schlagwort ohne inhaltliche Präzision?  |c U. Groth, A. Kammel 
520 |a Zoštíhlenie výroby, organizácie a riadenia podniku. Orientácia na proces tvorby hodnôt. Pokus o spojenie predností klasickej remeselníckej dielne a hromadnej výroby. Základné prvky "štíhlej" výroby - pružné štruktúry s precíznou segmentáciou, JIT, väčšia prehľadnosť a nízka potreba plochy pri výrobe súčiastok, usporiadanie strojov so skrátením "dlhých" ciest a pod. Organizácia práce orientovaná na tímovú prácu. 
610 2 0 |a organizácia výroby 
610 2 0 |a JIT 
610 2 0 |a organizácia práce 
610 2 0 |a práca tímová 
610 2 0 |a riadenie podnikové 
610 2 0 |a systémy výrobné pružné 
610 2 0 |a výroba štíhla 
100 1 |a Groth, U. 
700 1 |a Kammel, A.